La primera edición del Ingenioso Hidalgo Don Quijote de la Mancha (Record no. 2120)

MARC details
000 -CABECERA
campo de control de longitud fija 02311nam a2200313 a 4500
001 - NÚMERO DE CONTROL
campo de control BRCA_2379
005 - FECHA Y HORA DE LA ÚLTIMA TRANSACCIÓN
campo de control 20190320203800.0
008 - DATOS DE LONGITUD FIJA--INFORMACIÓN GENERAL
campo de control de longitud fija 071108s1874----sp-#---###---#000-0#spa-u
041 ## - CÓDIGO DE LENGUA
Código de lengua del texto/banda sonora o título independiente spa
044 ## - CÓDIGO DEL PAÍS DE LA ENTIDAD EDITORA/PRODUCTORA
Código MARC del país sp
084 ## - OTRO NÚMERO DE CLASIFICACIÓN
Número de clasificación 020
Número de documento/Ítem .L67
-- 1871 F1615
100 1# - ENTRADA PRINCIPAL--NOMBRE DE PERSONA
Nombre de persona Cervantes Saavedra, Miguel de
Fechas asociadas al nombre 1547-1616
9 (RLIN) 213
245 10 - MENCIÓN DE TÍTULO
Título La primera edición del Ingenioso Hidalgo Don Quijote de la Mancha
Resto del título segunda parte, reproducida en facsímile
Mención de responsabilidad, etc. compuesto por Miguel de Cervantes Saavedra.
260 ## - PUBLICACIÓN, DISTRIBUCIÓN, ETC.
Lugar de publicación, distribución, etc. Barcelona
Nombre del editor, distribuidor, etc. Francisco López Fabra
Fecha de publicación, distribución, etc. 1871
300 ## - DESCRIPCIÓN FÍSICA
Extensión 1 v. (sin paginación)
Dimensiones 29 cm.
500 ## - NOTA GENERAL
Nota general Contenido : Portada con el escudo y el lema Post tenebras spero lucem. Tasa. Aprovación del Dr. Gutierre Cetina. Aprovaciónde M. Joseph Valdivieso. Aprovación del Lic. Marquéz Torres. Privilegio. Prólogo del autor. Dedicatoria del autor al Conde de Lemos. Texto. Fe de erratas
500 ## - NOTA GENERAL
Nota general Edición : Reproducida en facsímile por la foto-tipografía y publicado por su inventor el Coronel Francisco López Fabra
500 ## - NOTA GENERAL
Nota general Facsímil de : Segunda parte del ingenioso cavallero Don Quixote de la Mancha. Madrid: Juan de la Cuesta, 1615
500 ## - NOTA GENERAL
Nota general Primer facsímile de la segunda parte de la edición príncipe, elaborado por Francisco López Fabra, en Barcelona, durante los años de 1871-73. Tiene bastantes erratas y, sobre todo, muchas faltas de puntuación. Estando ya hecha la edición príncipe, mando la Inquisición expurgar las palabras que profieren la Duquesa en el capítulo 36: Y advierta Sancho, que las obras de caridad que se hacen tibia y flojamente no tienen mérito, ni valen nada. Pero se escaparon del expurgo algunos ejemplares que habían salido ya de las prensas, y entre ellos el que sirvio al Sr. López Fabra para hacer su fotocopia. Hermoso ejemplar, encuadernado en pergamino; con florones y filetes dorados en lomo y planos Lúdovik Osterc
500 ## - NOTA GENERAL
Nota general Existencias : Ejemplar foleado con el número 7
500 ## - NOTA GENERAL
Nota general QM117
650 14 - PUNTO DE ACCESO ADICIONAL DE MATERIA--TÉRMINO DE MATERIA
Término de materia o nombre geográfico como elemento de entrada Novela española
Subdivisión cronológica Época clásica, 1500-1700
9 (RLIN) 215
650 14 - PUNTO DE ACCESO ADICIONAL DE MATERIA--TÉRMINO DE MATERIA
Término de materia o nombre geográfico como elemento de entrada Literatura española
Subdivisión cronológica Época clásica, 1500-1700
9 (RLIN) 216
650 14 - PUNTO DE ACCESO ADICIONAL DE MATERIA--TÉRMINO DE MATERIA
Término de materia o nombre geográfico como elemento de entrada Novela española
Subdivisión cronológica Siglo XVII
9 (RLIN) 217
650 14 - PUNTO DE ACCESO ADICIONAL DE MATERIA--TÉRMINO DE MATERIA
Término de materia o nombre geográfico como elemento de entrada Don Quijote (Personaje ficticio)
Término indicativo de función/relación Novela
9 (RLIN) 218
740 0# - PUNTO DE ACCESO ADICIONAL--TÍTULO RELACIONADO O ANALÍTICO NO CONTROLADO
Título relacionado o analítico no controlado El Ingenioso Hidalgo Don Quijote de la Mancha
902 ## - CATALOGADOR
Iniciales QFM
942 ## - ELEMENTOS DE PUNTO DE ACCESO ADICIONAL (KOHA)
Fuente del sistema de clasificación o colocación Library of Congress Classification
Tipo de ítem Koha Libros
Holdings
Estado de retiro Estado de pérdida Estado dañado No para préstamo Localización permanente Ubicación/localización actual Fecha de adquisición Número de inventario Total de préstamos Signatura topográfica completa Código de barras Fecha visto por última vez Precio válido a partir de Tipo de ítem Koha
El ejemplar forma parte de la colección y puede ser consultado según las políticas vigentes.       Biblioteca del Museo Franz Mayer (Rogerio Casas-Alatriste) Biblioteca del Museo Franz Mayer (Rogerio Casas-Alatriste) 07/11/2008 QM117   020 .L67 1871 F1615 (QM117) 2376 22/03/2019 22/03/2019 Libros